LEADER 01179nam0-2200361---450- 001 990008865180403321 005 20121212125123.0 010 $a978-0-8493-7222-3 035 $a000886518 035 $aFED01000886518 035 $a(Aleph)000886518FED01 035 $a000886518 100 $a20090611d2007----km-y0itay50------ba 101 0 $aeng 102 $aUS 105 $a--------001yy 200 1 $a<>introduction to rehabilitation engineering$fedited by Rory A. Cooper, Hisaichi Ohnabe, Douglas A. Hobson 210 $aNew York$aLondon$cTaylor & Francis Group$dc2007 215 $a444 p.$cill.$d24 cm 225 1 $aSeries in Medical physics and biomedical engineering 610 0 $aIngegneria biomedica$aStrumenti elettronici 610 0 $aMedicina riabilitativa$aStrumenti elettronici 676 $a617.03 700 1$aCooper,$bRory A.$0318846 701 1$aOhnabe,$bHisaichi$0318874 701 1$aHobson,$bDouglas A.$0318875 801 0$aIT$bUNINA$gRICA$2UNIMARC 901 $aBK 912 $a990008865180403321 952 $a13 H 73 01$b16274$fFINBC 959 $aFINBC 996 $aIntroduction to rehabilitation engineering$9803447 997 $aUNINA LEADER 01437nam0M2200349--I450- 001 990002419720203316 005 20091112093113.0 035 $a000241972 035 $aUSA01000241972 035 $a(ALEPH)000241972USA01 035 $a000241972 100 $a20050512d1996----||itac01 ba 101 $aeng 102 $aUS 105 $ay|||z|||001yy 200 1 $aMultilateral trade agreements subject to the WTO dispute settlement understanding (DSU) and additional international agreements on civil aircraft, government procurement, dairy, and bovine meat$fFrank Warren Swacker, Kenneth Robert Redden, Larry B. Wenger 210 $aCharlottesville$cMichie$d1996 215 $aV, 515 p.$d25 cm. 606 0 $aCommercio$xAccordi internazionale 676 $a341.754 700 1$aSWACKER,$bFrank Warren$0572839 701 1$aREDDEN,$bKenneth R.$0244473 701 1$aWENGER,$bLarry B.$0572442 801 0$aIT$bICCU$gISBD$c20040213 912 $a990002419720203316 951 $aXXIII.1.A. 231 (IG VIII 16 ING 1048)$b45930 G.$cXXIII.1.A. 231 (G VIII 16)$d00116707 959 $aBK 969 $aGIU 979 $aCHIARA$b90$c20050512$lUSA01$h1407 979 $aRSIAV2$b90$c20091112$lUSA01$h0931 996 $aMultilateral trade agreements subject to the WTO dispute settlement understanding (DSU) and additional international agreements on civil aircraft, government procurement, dairy, and bovine meat$91065739 997 $aUNISA